00684nam a2200169 a 450000100100000000500170001000800410002704000250006808200140009324500300010726000760013730000290021350001340024204900090037695201120038599900170049700002985620200930055847.0110426s1955 dr c 000 0 spa d aDO-SdBNPbspacBNPHU axxxbP31400aPatriotisme et education. aCiudad Trujillo, República Dominicana :bHenri Dechamps,c1955eHaiti a11 p. :bretr. ;c23 cm. aUn appel important du generalissime trujillo en vue de supprimer definitivement lʻanalphabetisme dans la Republique Dominicaine. aBNPD 0010718PDaPDbPDcCTd2011-04-26iLF1l0oxxx P314p29856-10r2020-06-25w2020-06-25yLFPDZNo se presta c29348d29348